El problema de la penetración de las empresas eslovacas en el mercado español diplomová práca
Guardado en:
| Autor principal: | |
|---|---|
| Autor Corporativo: | |
| Otros Autores: | |
| Formato: | Libro |
| Lenguaje: | español |
| Publicado: |
Bratislava
2018
|
| Etiquetas: |
Sin Etiquetas, Sea el primero en etiquetar este registro!
|
MARC
| LEADER | 00000nbm a2200000 4500 | ||
|---|---|---|---|
| 001 | 0244043 | ||
| 005 | 20181011145035.9 | ||
| 041 | 0 | |a spa | |
| 044 | |a SK | ||
| 245 | 1 | 0 | |a El problema de la penetración de las empresas eslovacas en el mercado español |b diplomová práca |c Andrea Cabuková ; školiteľ: Nina Mocková |
| 264 | 1 | |a Bratislava |c 2018 | |
| 300 | |a 78 s. | ||
| 100 | 1 | |a Cabuková, Andrea | |
| 700 | 1 | |a Mocková, Nina, 1987- | |
| 710 | 2 | |a Fakulta aplikovaných jazykov EU v Bratislave. Katedra románskych a slovanských jazykov | |